<?xml version="1.0" encoding="UTF-8"?><?xml-stylesheet type="text/xsl" href="static/style.xsl"?><OAI-PMH xmlns="http://www.openarchives.org/OAI/2.0/" xmlns:xsi="http://www.w3.org/2001/XMLSchema-instance" xsi:schemaLocation="http://www.openarchives.org/OAI/2.0/ http://www.openarchives.org/OAI/2.0/OAI-PMH.xsd"><responseDate>2026-04-17T05:48:43Z</responseDate><request verb="GetRecord" identifier="oai:www.recercat.cat:10230/34461" metadataPrefix="marc">https://recercat.cat/oai/request</request><GetRecord><record><header><identifier>oai:recercat.cat:10230/34461</identifier><datestamp>2025-12-23T20:54:31Z</datestamp><setSpec>com_2072_6</setSpec><setSpec>col_2072_452954</setSpec></header><metadata><record xmlns="http://www.loc.gov/MARC21/slim" xmlns:dcterms="http://purl.org/dc/terms/" xmlns:xsi="http://www.w3.org/2001/XMLSchema-instance" xmlns:doc="http://www.lyncode.com/xoai" xsi:schemaLocation="http://www.loc.gov/MARC21/slim http://www.loc.gov/standards/marcxml/schema/MARC21slim.xsd">
   <leader>00925njm 22002777a 4500</leader>
   <datafield ind2=" " ind1=" " tag="042">
      <subfield code="a">dc</subfield>
   </datafield>
   <datafield ind2=" " ind1=" " tag="720">
      <subfield code="a">Tedesco-Barlocco, Brunella</subfield>
      <subfield code="e">author</subfield>
   </datafield>
   <datafield ind2=" " ind1=" " tag="260">
      <subfield code="c">2018-04-25T17:33:45Z</subfield>
   </datafield>
   <datafield ind2=" " ind1=" " tag="260">
      <subfield code="c">2018-04-25T17:33:45Z</subfield>
   </datafield>
   <datafield ind2=" " ind1=" " tag="260">
      <subfield code="c">2017</subfield>
   </datafield>
   <datafield ind2=" " ind1=" " tag="520">
      <subfield code="a">Tutor: Xavier Pérez</subfield>
   </datafield>
   <datafield ind2=" " ind1=" " tag="520">
      <subfield code="a">Treball de l&amp;apos;assignatura: Cinema, Teatre i Literatura, de tercer trimestre del màster en Estudis de Cinema i Audiovisual Contemporanis. Curs 2016-2017</subfield>
   </datafield>
   <datafield ind2=" " ind1=" " tag="520">
      <subfield code="a">Partiendo de la condición de William Shakespeare como “guionista&#xd;
invisible” y de la formación artística inicial de Sam Mendes como director teatral&#xd;
shakespeariano, este trabajo analiza las dinámicas de carácter paterno-filial y&#xd;
fraternal de los más recientes filmes de la rebooteada franquicia de James Bond,&#xd;
que, se sugiere, hallan su raíz en la tragedia familiar de El Bardo de Avon.</subfield>
   </datafield>
   <datafield ind2=" " ind1=" " tag="520">
      <subfield code="a">From William Shakespeare’s condition as an “invisible playwright” and&#xd;
Sam Mendes’ initial artistic formation as a Shakespearian theatre director, this&#xd;
essay analyzes the paternal-filial and fraternal dynamics that come forward in the&#xd;
most recent films of the rebooted James Bond franchise, which, it is suggested, find&#xd;
their roots in The Bard of Avon’s family tragedy.</subfield>
   </datafield>
   <datafield tag="653" ind2=" " ind1=" ">
      <subfield code="a">Cinema de James Bond</subfield>
   </datafield>
   <datafield tag="653" ind2=" " ind1=" ">
      <subfield code="a">Shakespeare, William, 1564-1616 -- Crítica i interpretació</subfield>
   </datafield>
   <datafield tag="653" ind2=" " ind1=" ">
      <subfield code="a">Skyfall (Pel·lícula cinematogràfica) -- Crítica i interpretació</subfield>
   </datafield>
   <datafield tag="653" ind2=" " ind1=" ">
      <subfield code="a">Spectre (Pel·lícula cinematogràfica) -- Crítica i interpretació</subfield>
   </datafield>
   <datafield ind2="0" ind1="0" tag="245">
      <subfield code="a">Entre “el ruido y la furia”: la introducción de la tragedia familiar en Skyfall y Spectre como “shakespearización” de James Bond</subfield>
   </datafield>
</record></metadata></record></GetRecord></OAI-PMH>